Đại học và giáo dục chuyên nghiệp.
Uloženo v:
| Médium: | Seriál |
|---|---|
| Jazyk: | Vietnamese |
| Témata: | |
| Tagy: |
Přidat tag
Žádné tagy, Buďte první, kdo otaguje tento záznam!
|
| Thư viện lưu trữ: | Mạng thư viện Đại học Đà Nẵng |
|---|
| LEADER | 00638cas a2200265 i 4500 | ||
|---|---|---|---|
| 001 | 000043309 | ||
| 003 | 1253 | ||
| 005 | 20030219144704.0 | ||
| 008 | 010217| vm 000 vie | ||
| 022 | |a 0866-7330 | ||
| 040 | |a IRC |c IRC |d IRC | ||
| 041 | 0 | |a vie | |
| 082 | 1 | 4 | |a 378 |b Đa-H |
| 245 | 0 | 0 | |a Đại học và giáo dục chuyên nghiệp. |
| 300 | |c 26,5cm. | ||
| 650 | 0 | 4 | |a Giáo dục chuyên nghiệp |x Đại học. |
| OWN | |a DUT | ||
| 999 | |a From the UDN01 | ||
| TYP | |a Printed language | ||
| 980 | |a Mạng thư viện Đại học Đà Nẵng | ||